| 000 | 01996nam0a2200349 4500 | ||
|---|---|---|---|
| 001 | RU\NLR\BIBL_A\010552498 | ||
| 005 | 20260408202538.0 | ||
| 010 |
_a5-95710234-2 _9100 |
||
| 021 |
_aRU _b2014-26633 _94467 |
||
| 035 | _a(NILC)RuMoRGB-007567820 | ||
| 035 | _a(NLR Aleph) 010552498 | ||
| 090 |
_a10343612 _c10343612 |
||
| 100 | _a20141202d2007 |||y0rusy50 ca | ||
| 101 | 0 | _arus | |
| 102 | _aRU | ||
| 105 | _ay j 000yy | ||
| 200 | 1 |
_aИнтернет-технологии в формировании учебно-исследовательской культуры учащихся профильных классов _eучебное пособие для студентов педагогических специальностей _fГ. В. Макотрова _gпод ред. проф. И. Ф. Исаева _gФедеральное агентство по образованию ГОУ ВПО "Белгородский гос. ун-т", Науч.-исслед. лаб. "Проблемы формирования проф.-пед. культуры" |
|
| 210 |
_aБелгород _cБелГУ _d2007 |
||
| 215 |
_a246, [1] с. _d20 |
||
| 320 | _aБиблиогр.: с. 151-155 (81 назв.) | ||
| 606 | 1 |
_aШколы _jУчебные издания для высших учебных заведений _xНаучно-исследовательская работа учащихся _xИнформационные технологии _92105614 _3RU\NLR\AUTH\661576628 |
|
| 606 |
_aШколы _xПрофильные классы _jУчебные издания для высших учебных заведений _3RU\NLR\AUTH\661505401 _92543109 |
||
| 686 | 1 | _aЧ421.202.5я73 | |
| 686 | 1 | _aЧ421.268я73 | |
| 686 | 1 | _aЧ421.231я73 | |
| 700 | 1 |
_aМакотрова _bГ. В. _gГалина Васильевна |
|
| 801 | 0 |
_aRU _bРГБ _c20141015 _gRCR |
|
| 801 | 1 |
_aRU _bРГБ _c20141015 _2rusmarc |
|
| 942 | _cBOOK | ||
| 980 | _aNB | ||